PSYCHIATRY FOR NURSES (Record no. 2148)

MARC details
000 -LEADER
fixed length control field 00328nam a2200145Ia 4500
008 - FIXED-LENGTH DATA ELEMENTS--GENERAL INFORMATION
fixed length control field 150201s2010 xx 000 0 und d
082 ## - DEWEY DECIMAL CLASSIFICATION NUMBER
Classification number 610.7368
Item number P10N
100 ## - MAIN ENTRY--PERSONAL NAME
Personal name NAMBI, S.
245 ## - TITLE STATEMENT
Title PSYCHIATRY FOR NURSES
250 ## - EDITION STATEMENT
Edition statement 1ST
260 ## - PUBLICATION, DISTRIBUTION, ETC. (IMPRINT)
Name of publisher, distributor, etc. JAYPEE
Place of publication, distribution, etc. DELHI
Date of publication, distribution, etc. 2010
300 ## - PHYSICAL DESCRIPTION
Extent 278
650 ## - SUBJECT ADDED ENTRY--TOPICAL TERM
Topical term or geographic name as entry element PSYCHIATRY
942 ## - ADDED ENTRY ELEMENTS (KOHA)
Source of classification or shelving scheme Dewey Decimal Classification
Koha item type Books
Holdings
Withdrawn status Lost status Source of classification or shelving scheme Damaged status Not for loan Collection code Home library Current library Shelving location Date acquired Source of acquisition Cost, normal purchase price SGTU Bill Number Total Checkouts Full call number Barcode Date last seen Date last checked out Bill Date Koha item type
    Dewey Decimal Classification     NURSING SGT Medical Library SGT Medical Library Text Book 16/07/2013 ABC DELHI 250.00 SGTU 3617 1 610.7368 P10N FN1221 04/10/2018 18/09/2018 16/07/2013 Books
    Dewey Decimal Classification     NURSING SGT Medical Library SGT Medical Library Text Book 16/07/2013 ABC DELHI 250.00 SGTU 3617   610.7368 P10N FN1222 09/02/2015   16/07/2013 Books
    Dewey Decimal Classification     NURSING SGT Medical Library SGT Medical Library Text Book 16/07/2013 ABC DELHI 250.00 SGTU 3617   610.7368 P10N FN1223 09/02/2015   16/07/2013 Books
    Dewey Decimal Classification     NURSING SGT Medical Library SGT Medical Library Text Book 16/07/2013 ABC DELHI 250.00 SGTU 3617 1 610.7368 P10N FN1224 29/08/2020 29/08/2020 16/07/2013 Books
    Dewey Decimal Classification     NURSING SGT Medical Library SGT Medical Library Text Book 16/07/2013 ABC DELHI 250.00 SGTU 3617   610.7368 P10N FN1225 09/02/2015   16/07/2013 Books
    Dewey Decimal Classification     NURSING SGT Medical Library SGT Medical Library Text Book 06/09/2014 ABC DELHI 250.00 SGTU 4671 2 610.7368 P10N FN2001 19/08/2019 18/07/2019 06/09/2014 Books
    Dewey Decimal Classification     NURSING SGT Medical Library SGT Medical Library Text Book 06/09/2014 ABC DELHI 250.00 SGTU 4671   610.7368 P10N FN2002 09/02/2015   06/09/2014 Books
    Dewey Decimal Classification     NURSING SGT Medical Library SGT Medical Library Text Book 06/09/2014 ABC DELHI 250.00 SGTU 4671 1 610.7368 P10N FN2003 06/12/2019 01/11/2019 06/09/2014 Books